000 00619nam a22002057a 4500
003 OSt
005 20250828080553.0
008 250828b |||||||| |||| 00| 0 eng d
020 _a0-06-074045-0
040 _cOC
082 _aFic. 863 G216 1970
100 _a Marquez, G.
245 _aOne hundred years of solitude
260 _aNew York :
_bHarper Perennial,
_c c1970
300 _a485 pages :
_c20 cm.
650 _2Epic literature
650 _2Maundo (imaginary place)--fiction
650 _2Social conditions-fiction
942 _2ddc
_cFIC.
_hFic. 863 G216 1970
_kFic.
_n0
999 _c4319
_d4319